French Vocabulary Week 2 - Statistics

General Stats
  • This quiz has been taken 67 times
    62 since last reset
  • The average score is 14 of 19
Answer Stats
English French % Correct
thirty trente
98%
January janvier
96%
twenty vingt
96%
May mai
93%
Febuary février
91%
March mars
91%
first (m) premier
91%
first (f) première
91%
fifteen quinze
89%
sixteen seize
89%
thirteen treize
89%
June juin
84%
fourteen quatorze
82%
to prefer préférer
76%
to celebrate célébrer
49%
everyone, you, one on
36%
tradition la tradition
16%
date la date
13%
event l'évènement
9%
No matching quizzes found
Score Distribution
Percent of People with Each Score
Percentile by Number Answered
Your Score History
You have not taken this quiz since the last reset